Diversification of the Upper Nitra Region with a Focus on Activities Using Current Resources

Zaoberanie sa otázkou transformácie regiónu Horná Nitra, kde je hnedé uhlie extrahované a spálené. Tento región leží v centrálnej časti Slovenskej republiky a význam uhoľného priemyslu pre tento región je viditeľný v rôznych oblastiach. Porovnanie rôznych prístupov k diverzifikácii regiónov, ktoré s...

Celý popis

Uložené v:
Podrobná bibliografia
Hlavný autor: Beňová, Zuzana, 1996-
Médium: Kapitola
Jazyk:English
Predmet:
Tagy: Pridať tag
Žiadne tagy, Buďte prvý, kto otaguje tento záznam!

MARC

LEADER 00000naa a2200000 4500
001 0263151
005 20240502083756.3
041 0 |a eng 
044 |a CA 
245 1 0 |a Diversification of the Upper Nitra Region with a Focus on Activities Using Current Resources  |c Zuzana Beňová 
520 |a Zaoberanie sa otázkou transformácie regiónu Horná Nitra, kde je hnedé uhlie extrahované a spálené. Tento región leží v centrálnej časti Slovenskej republiky a význam uhoľného priemyslu pre tento región je viditeľný v rôznych oblastiach. Porovnanie rôznych prístupov k diverzifikácii regiónov, ktoré sa v súčasnosti zameriavajú na ťažbu uhlia, ale v budúcnosti budú musieť čeliť postupnému ukončeniu činnosti tohto odvetvia. 
610 2 0 |a transformácia 
610 2 0 |a diverzifikácia 
610 2 0 |a zdroje surovinové 
610 2 0 |a uhlie 
100 1 |a Beňová, Zuzana, 1996-